000 00582nam a2200217Ia 4500
005 20250923150254.0
008 008 250917s9999 xx 000 0 eng d
037 _aTextual
040 _aDSWL
_beng
_cDSWL
041 _aeng
_2eng
084 _aX:9F, P9
_qDSWL
100 _aGornick, Jc
_9844154
245 0 _aGender equality
_cby Jc Gornick
260 _aLondon
_bVerso Publication
_c2009
300 _a465 p.
365 _aINR
_b1934 . 0
650 _a MK MEYERS
_9844155
925 _g1934 . 0
942 _cTEXL
_hX:9F, P9
999 _c1461542
_d1461542